Amores Britannici : Epistles historical and gallant, in English heroic verse: from several of the most illustrious personages of their times. In imitation of the Heroidum epistolæ of Ovid. With notes explaining the most material passages in every history.

Bibliographic Details
Main Author: Oldmixon, Mr. (John), 1673-1742
Format: eBook
Language:English
Series:Eighteenth century collections online.
Online Access:Full text online

MARC

Tag First Indicator Second Indicator Subfields
LEADER 00000cam a2200000 4500
001 in00001925388
006 m | d |
007 cr |n||||||||n
008 800225s1703 enk|||| s 00||||eng d
005 20260403180315.4
035 |a (CStRLIN)ESTCT96028 
040 |a Uk-ES  |c Uk-ES  |d Cu-RivES  |d CStRLIN  |d Thomson Gale  |d UtOrBLW 
100 1 |a Oldmixon,  |c Mr.  |q (John),  |d 1673-1742. 
245 1 0 |a Amores Britannici :  |b Epistles historical and gallant, in English heroic verse: from several of the most illustrious personages of their times. In imitation of the Heroidum epistolæ of Ovid. With notes explaining the most material passages in every history. 
264 3 |a London :  |b printed, and are to be sold by John Nutt,  |c 1703. 
300 |a 24 unnumbered pages, 173, 3 unnumbered pages, 150p :  |b illustrations ;  |c 8⁰. 
336 |a text  |b txt  |2 rdacontent 
337 |a computer  |b c  |2 rdamedia 
338 |a online resource  |b cr  |2 rdacarrier 
500 |a Anonymous. By John Oldmixon. 
500 |a In two parts. 
500 |a Reproduction of original from the British Library. 
510 4 |a English Short Title Catalog,  |c ESTCT96028. 
533 |a Electronic reproduction.  |b Farmington Hills, Mich. :  |c Thomson Gale,  |d 2003.  |n Available via the World Wide Web.  |n Access limited by licensing agreements  |7 s2003 miunns 
500 |a Electronic resource. 
830 0 |a Eighteenth century collections online. 
856 4 0 |u http://proxy.library.tamu.edu/login?url=https://galenet.galegroup.com/servlet/ECCO?c=1&stp=Author&ste=11&af=BN&ae=T096028&tiPG=1&dd=0&dc=flc&docNum=CW111499276&vrsn=1.0&srchtp=a&d4=0.33&n=10&SU=0LRK&locID=txshracd2898  |z Full text online  |t 0 
999 |a MARS 
999 f f |s 9bbc4bc4-1856-3d0a-8c62-2e2d2f17acc9  |i d6dac33c-7dc2-3b08-aa9e-a155b05437f4  |t 0 
952 f f |a Texas A&M University  |b College Station  |c Electronic Resources  |s www_evans  |d Available Online  |t 0  |h No information provided 
998 f f |t 0  |l Available Online